000 00654nam a22001817a 4500
003 UA-OsUOA
001 9027
007 ta
008 20041016b un ||||| |||| 00| 0 ukr d
100 _aЦимбалюк Є.
942 _cSA
040 _aUA-OsUOA
_cUA-OsUOA
_dUA-OsUOA
245 _aГородок : земля ченців - така свята і грішна
_b[Історія та сучасність Городоцького монастиря, що у Рівнен. р-ні]
300 _aС.1,12-13
955 _a0
773 0 _w0
_tВільне слово
_dРівне
_d2004
_g№76/8 жовт./
650 7 _aКультові споруди
_2UDC
999 _c295188
_d295188